| 000 | 00643nam a2200241 4500 | ||
|---|---|---|---|
| 999 |
_c3069 _d3069 |
||
| 001 | 24890 | ||
| 003 | GBCCL | ||
| 005 | 20241126110446.0 | ||
| 008 | 680301s1968 nju 000 0 eng | ||
| 010 | _a 68017096 | ||
| 035 | _a(OCoLC)00439799 | ||
| 040 |
_aDLC _cDLC |
||
| 049 | _aLBBK | ||
| 050 | 0 |
_aBV4464.5 _b.W513 |
|
| 082 |
_a259.2 _bWIL |
||
| 092 |
_a259 _bW681 |
||
| 100 | 1 |
_aWilkerson, David R. _92348 |
|
| 245 | 1 | 0 |
_aHey, Preach--you're comin' through! _c[by] David Wilkerson. |
| 260 |
_aWestwood, N.J., _bRevell _c[1968] |
||
| 300 |
_a160 p. _c21 cm. |
||
| 650 | 0 |
_aChurch work with juvenile delinquents. _96359 |
|
| 942 |
_2ddc _cBK |
||